Statistics for Orlando Magic 2000's Starters

Click here to take the quiz!

General Stats

  • This quiz has been taken 19 times
  • The average score is 9 of 26

Answer Stats

Player Starts % Correct
Dwight Howard5
100%
Juwan Howard1
100%
Tracy McGrady4
88%
Jameer Nelson3
82%
Rashard Lewis2
82%
Hedo Türkoğlu4
82%
Grant Hill2
53%
Steve Francis2
47%
Darrell Armstrong3
35%
Bo Outlaw2
29%
Horace Grant1
29%
Courtney Lee1
24%
Pat Garrity2
18%
Kelvin Cato1
18%
Tyronn Lue1
18%
Keith Bogans1
12%
Mike Miller3
12%
Tony Battie3
12%
John Amaechi1
12%
Andrew DeClercq2
6%
DeShawn Stevenson1
6%
Jacque Vaughn1
6%
Shawn Kemp1
6%
Tariq Abdul-Wahad1
6%
Ben Wallace1
6%
Maurice Evans1
0%

Score Distribution

Percentile by Number Answered

Percent of People with Each Score

Your Score History

You have not taken this quiz